[Event "Seefeld-Open"]
[Site "Seefeld"]
[Date "2009.09.30"]
[Round "7.2"]
[White "Farago, Ivan"]
[Black "Stark, Ingo"]
[Result "1-0"]
[WhiteElo "2476"]
[BlackElo "2153"]
[PlyCount "65"]
[EventDate "2009.??.??"]
[WhiteTeam "Budapest"]
[BlackTeam "TSG Oberschöneweide"]

1. d4 Nf6 2. c4 c5 3. d5 e6 4. Nc3 exd5 5. cxd5 Bd6 6. Nf3 O-O 7. Bg5 Re8 8. e3
a6 9. a4 h6 10. Bh4 Qe7 11. Bc4 Bc7 12. d6 Qxd6 13. Qxd6 Bxd6 14. Bxf6 gxf6 15.
Nd5 Kg7 16. O-O-O b5 17. Nb6 Ra7 18. Rxd6 bxc4 19. h4 Rc7 20. Nd2 Bb7 21. Ndxc4
Re6 22. Rhd1 Bc6 23. f3 f5 24. b3 Rb7 25. Kc2 a5 26. Kc3 Na6 27. Nxd7 Rxd6 28.
Rxd6 Rxd7 29. Rxc6 Nb4 30. Rxc5 Rd3+ 31. Kb2 Rd1 32. Rxf5 Rg1 33. g4 1-0

[Event "Seefeld-Open"]
[Site "Seefeld"]
[Date "2009.09.30"]
[Round "7.3"]
[White "Mikulic, Oliver"]
[Black "Lang, Ferdinand"]
[Result "1/2-1/2"]
[WhiteElo "2086"]
[BlackElo "2156"]
[PlyCount "117"]
[EventDate "2009.??.??"]
[WhiteTeam "Rochade Rum"]
[BlackTeam "SC Blau.Turm Bad Wimpfen"]

1. Nf3 Nf6 2. b3 d5 3. Bb2 Bf5 4. e3 e6 5. Nc3 c6 6. Ne2 Bd6 7. Ng3 Bg6 8. Ne5
Qc7 9. f4 Nbd7 10. Nf3 O-O-O 11. a3 e5 12. fxe5 Nxe5 13. Bxe5 Bxe5 14. Nxe5
Qxe5 15. Be2 Bxc2 16. Qc1 Bg6 17. d4 Qe7 18. b4 Rhe8 19. Kf2 Ne4+ 20. Nxe4 Qxe4
21. b5 Qh4+ 22. g3 Qf6+ 23. Ke1 Rd6 24. a4 Qg5 25. Ra3 Rde6 26. bxc6 Rxc6 27.
Rc3 Rxc3 28. Qxc3+ Kb8 29. Kd2 Rc8 30. Qa3 Rc2+ 31. Ke1 Qd8 32. a5 a6 33. Bd1
Rc6 34. Rf1 Qc8 35. Kd2 Ka7 36. Qb3 Qd8 37. Qb4 Qc7 38. Ba4 Rc4 39. Qb6+ Qxb6
40. axb6+ Kxb6 41. Bb3 Rb4 42. Bxd5 Rb2+ 43. Kc3 Rc2+ 44. Kb3 Re2 45. Rf3 Bh5
46. g4 Bxg4 47. Rxf7 Rxe3+ 48. Kc2 Bc8 49. Rxg7 Re2+ 50. Kc3 Rxh2 51. Be4 h5
52. d5 Rh4 53. Kd3 Rg4 54. Rh7 Rg5 55. d6 Bf5 56. Rxb7+ Kc5 57. d7 Bxe4+ 58.
Kxe4 Rd5 59. Ra7 1/2-1/2

[Event "Seefeld-Open"]
[Site "Seefeld"]
[Date "2009.09.30"]
[Round "7.4"]
[White "Braun, Joachim"]
[Black "Lins, Philipp"]
[Result "0-1"]
[WhiteElo "2138"]
[BlackElo "1857"]
[PlyCount "94"]
[EventDate "2009.??.??"]
[WhiteTeam "SF Birkenfeld e.V."]
[BlackTeam "SK Pradl Innsbruck"]

1. e4 d6 2. d4 Nf6 3. Nc3 c6 4. h3 Qa5 5. Bd3 e5 6. Nf3 Nbd7 7. O-O Be7 8. Bd2
Qb6 9. Na4 Qc7 10. c4 exd4 11. Nxd4 Ne5 12. Bf4 O-O 13. Re1 Re8 14. Bf1 Be6 15.
b3 c5 16. Nb5 Qc6 17. Qc2 Nh5 18. Bh2 g5 19. Qd2 a6 20. Nbc3 Ng6 21. Nb2 Bf6
22. Rac1 Rad8 23. Bd3 Nhf4 24. Bb1 Be5 25. Nd3 Nxg2 26. Kxg2 Nh4+ 27. Kh1 Nf3
28. Nxe5 dxe5 29. Qe3 Nxe1 30. Qxg5+ Kf8 31. Rxe1 Bxh3 32. Bxe5 Qg6 33. Qxg6
hxg6 34. Bg3 f5 35. Nd5 g5 36. f3 f4 37. Bf2 Rc8 38. Nb6 Rc6 39. Bxc5+ Rxc5 40.
Nd5 Kf7 41. Rg1 Rg8 42. e5 Be6 43. Be4 b5 44. Kg2 bxc4 45. bxc4 Rb8 46. Kf1 Rb2
47. Rg2 Bh3 0-1

[Event "Seefeld-Open"]
[Site "Seefeld"]
[Date "2009.09.30"]
[Round "7.5"]
[White "Scholz, Herbert"]
[Black "Eperjesi, Laslo Dr"]
[Result "0-1"]
[WhiteElo "1988"]
[BlackElo "2250"]
[PlyCount "34"]
[EventDate "2009.??.??"]
[WhiteTeam "PTSV Neustadt"]
[BlackTeam "Budapest"]

1. d4 Nf6 2. Bg5 e6 3. e4 h6 4. Bxf6 Qxf6 5. c3 e5 6. Nf3 d6 7. Nbd2 Be7 8. Bd3
O-O 9. O-O Nd7 10. a4 a5 11. h3 Re8 12. Nh2 Nf8 13. dxe5 dxe5 14. Ng4 Bxg4 15.
Qxg4 Red8 16. Qf3 Qxf3 17. Nxf3 Rxd3 0-1

[Event "Seefeld-Open"]
[Site "Seefeld"]
[Date "2009.09.30"]
[Round "7.6"]
[White "Kleinhenz, Hans-Georg"]
[Black "Kammers, Heribert"]
[Result "0-1"]
[WhiteElo "1956"]
[BlackElo "2147"]
[PlyCount "102"]
[EventDate "2009.??.??"]
[WhiteTeam "Stolberger Schachverein 1927"]
[BlackTeam "SK 32 Münster"]

1. d4 d5 2. c4 e6 3. g3 c5 4. cxd5 exd5 5. Nf3 Nc6 6. Bg2 Nf6 7. O-O Be7 8. Nc3
O-O 9. h3 Bf5 10. Be3 c4 11. Nh4 Be6 12. Kh2 a6 13. f4 Bd6 14. Bf2 Ne7 15. e4
Nxe4 16. Nxe4 dxe4 17. Bxe4 Qd7 18. Bg2 Bd5 19. Nf3 b5 20. a3 Qb7 21. Ne1 Rfe8
22. Qd2 Bxg2 23. Nxg2 Nd5 24. Rae1 Qc6 25. g4 h6 26. Bg3 Bc7 27. Nh4 Rxe1 28.
Rxe1 Re8 29. Rf1 Qe6 30. f5 Bxg3+ 31. Kxg3 Qe3+ 32. Nf3 Qxd2 33. Nxd2 Ne3 34.
Rg1 a5 35. Kf2 Kf8 36. Rc1 Nd5 37. a4 Nf4 38. Kf3 Nd3 39. Rb1 Nxb2 40. Rxb2 c3
41. Rc2 cxd2 42. Rxd2 b4 43. Rc2 Rb8 44. Ke3 Ke7 45. Kd2 b3 46. Rb2 Kd6 47. Kc3
Kd5 48. Rb1 b2 49. Kd3 Rb4 50. Kc3 Rc4+ 51. Kb3 Rxd4 0-1

[Event "Seefeld-Open"]
[Site "Seefeld"]
[Date "2009.09.30"]
[Round "7.10"]
[White "Schmidt, Jürgen"]
[Black "Fischer, Gerd"]
[Result "0-1"]
[WhiteElo "2035"]
[BlackElo "1986"]
[PlyCount "76"]
[EventDate "2009.??.??"]
[WhiteTeam "SC Kreuzberg e.V."]
[BlackTeam "SC 1926 Haßloch"]

1. e4 e6 2. d4 d5 3. Nc3 Nf6 4. Bg5 Be7 5. e5 Nfd7 6. Bxe7 Qxe7 7. Qg4 f5 8.
exf6 Nxf6 9. Qh4 O-O 10. Nf3 c5 11. Bd3 Nc6 12. Ne5 Re8 13. Nxc6 bxc6 14. dxc5
Qxc5 15. O-O e5 16. Be2 Rb8 17. a3 Qd4 18. Qg3 Bf5 19. Rfd1 Qc5 20. b4 Qe7 21.
Re1 Qc7 22. f3 a5 23. Rab1 axb4 24. axb4 Qa7+ 25. Qf2 d4 26. Nd1 Qa4 27. Bc4+
Kh8 28. g4 Bg6 29. h4 h5 30. Qd2 Qa7 31. Nf2 e4 32. fxe4 Nxe4 33. Nxe4 Rxe4 34.
Qf2 Rxg4+ 35. Kh2 Qc7+ 36. Kh3 Rf4 37. Qg3 Bf5+ 38. Kh2 Rf2+ 0-1

[Event "Seefeld-Open"]
[Site "Seefeld"]
[Date "2009.09.30"]
[Round "7.13"]
[White "Bischoff, Dieter"]
[Black "Mertens, Klaus"]
[Result "1-0"]
[WhiteElo "2142"]
[BlackElo "2070"]
[PlyCount "59"]
[EventDate "2009.??.??"]
[WhiteTeam "SK 1947 Sandhausen e.V."]
[BlackTeam "SV Mainz-Mombach"]

1. d4 Nf6 2. c4 e6 3. g3 Bb4+ 4. Bd2 Qe7 5. Bg2 O-O 6. Nc3 Nc6 7. Nf3 Bxc3 8.
Bxc3 Ne4 9. Rc1 d6 10. d5 Nxc3 11. Rxc3 Nd8 12. O-O e5 13. c5 Bg4 14. cxd6 cxd6
15. Qa4 Qd7 16. Qa3 a5 17. Rfc1 Ra6 18. e3 b5 19. Rc7 Qe8 20. Ng5 f6 21. Ne4 b4
22. Qd3 Rb6 23. Ra7 Qa4 24. Qc4 Nb7 25. Nxf6+ Rxf6 26. Qxg4 Rf8 27. Rc7 g6 28.
Qe6+ Kh8 29. Qf6+ Rxf6 30. Ra8+ 1-0

[Event "Seefeld-Open"]
[Site "Seefeld"]
[Date "2009.09.30"]
[Round "7.18"]
[White "Koch, Dieter"]
[Black "Richter, Tobias"]
[Result "0-1"]
[WhiteElo "1891"]
[BlackElo "1673"]
[PlyCount "90"]
[EventDate "2009.??.??"]
[WhiteTeam "SC Ammersee"]
[BlackTeam "Chemnitzer SC Aufbau`95"]

1. d4 Nf6 2. c4 c5 3. d5 b5 4. cxb5 a6 5. b6 Qxb6 6. Nc3 d6 7. e4 g6 8. f3 Bg7
9. Qc2 Nbd7 10. Bd2 O-O 11. Be2 Bb7 12. Nh3 a5 13. Na4 Qa7 14. O-O Rfc8 15. Be3
Ba6 16. Nc3 Qb7 17. Bxa6 Qxa6 18. Nf2 Rab8 19. f4 Nb6 20. b3 c4 21. Qe2 Nfd7
22. Rac1 Qb7 23. bxc4 Nxc4 24. Rb1 Ndb6 25. Bxb6 (25. Na4 Nxe3 26. Rxb6 (26.
Qxe3 Nxd5) 26... Nxf1 27. Rxb7 Rxb7 28. Kxf1) 25... Nxb6 26. Na4 Qc7 27. Nxb6
Rxb6 28. Rxb6 Qxb6 29. Kh1 a4 30. e5 a3 31. Nd3 Qb5 32. h3 Qxd5 33. exd6 Qxd6
34. Ne5 Rc5 35. Nc4 Qa6 36. Qxe7 Qxc4 37. Qe8+ Bf8 38. Rd1 Rc8 39. Qd7 Qc7 40.
Qg4 Qc5 41. Rf1 Qf5 42. Qf3 Rc2 43. g4 Qc5 44. Qd1 Qc6+ 45. Qf3 Qxf3+ 0-1

[Event "Seefeld-Open"]
[Site "Seefeld"]
[Date "2009.09.30"]
[Round "7.20"]
[White "Bangert, Rüdiger"]
[Black "Ruisinger, Werner"]
[Result "0-1"]
[WhiteElo "1694"]
[BlackElo "2175"]
[PlyCount "56"]
[EventDate "2009.??.??"]
[WhiteTeam "SGem Siemens Erlangen"]
[BlackTeam "SK 1908 Göggingen"]

1. d4 Nf6 2. c4 c5 3. d5 e6 4. Nc3 exd5 5. cxd5 d6 6. e4 g6 7. Bg5 Bg7 8. Be2
h6 9. Bh4 O-O 10. Nf3 a6 11. a4 Re8 12. O-O g5 13. Bg3 Nxe4 14. Nxe4 Rxe4 15.
Qc2 Re8 16. Nd2 Rxe2 17. Qd3 Re8 18. Nc4 Nd7 19. Rab1 Ne5 20. Bxe5 Bxe5 21. g3
b5 22. axb5 axb5 23. Nxe5 Rxe5 24. Qxb5 Ba6 25. Qb3 Bxf1 26. Kxf1 Qa5 27. Kg2
Qd2 28. Qb7 Qxd5+ 0-1

[Event "Seefeld-Open"]
[Site "Seefeld"]
[Date "2009.09.30"]
[Round "7.23"]
[White "Egger, Herbert"]
[Black "Brett, Digby"]
[Result "1-0"]
[WhiteElo "1770"]
[BlackElo "1810"]
[PlyCount "95"]
[EventDate "2009.??.??"]
[WhiteTeam "Reichenau"]
[BlackTeam "Oberammergau"]

1. e4 c5 2. Nc3 Nc6 3. Nf3 d6 4. Bb5 Bd7 5. d4 cxd4 6. Nxd4 Nf6 7. Nxc6 bxc6 8.
Bd3 e5 9. O-O Be7 10. Ne2 O-O 11. f4 Qb6+ 12. Kh1 Rad8 13. f5 d5 14. Ng3 dxe4
15. Nxe4 Nxe4 16. Bxe4 Bxf5 17. Qf3 Bxe4 18. Qxe4 Bf6 19. c3 Rd5 20. Qg4 Qd8
21. Be3 Qe7 22. Qe4 Bg5 23. Bxg5 Qxg5 24. Rf5 Qg6 25. Rxe5 Qxe4 26. Rxe4 Rfd8
27. Rae1 g6 28. h3 R8d7 29. Kh2 Rb7 30. Rb4 Rxb4 31. cxb4 Rd2 32. Rc1 Rxb2 33.
a3 Ra2 34. Rc3 Kf8 35. Re3 Rc2 36. Re5 f6 37. Ra5 Ke7 38. Rxa7+ Kd6 39. Rxh7
Ra2 40. Ra7 Kd5 41. Ra5+ Kd4 42. Rc5 Rxa3 43. Rxc6 Ke5 44. Rc5+ Kd6 45. Ra5 Rb3
46. b5 Kc5 47. Ra6 Rxb5 48. Rxf6 1-0

[Event "Seefeld-Open"]
[Site "Seefeld"]
[Date "2009.10.01"]
[Round "8.1"]
[White "Müller, Ralf"]
[Black "Lins, Philipp"]
[Result "1/2-1/2"]
[WhiteElo "2410"]
[BlackElo "1857"]
[PlyCount "57"]
[EventDate "2009.??.??"]
[WhiteTeam "SV HP Böblingen"]
[BlackTeam "SK Pradl Innsbruck"]

1. c4 d6 2. Nc3 e5 3. g3 g6 4. Bg2 Bg7 5. d3 Nf6 6. e4 O-O 7. Nge2 Be6 8. O-O
Qd7 9. b3 c5 10. f3 Nc6 11. Be3 Nd4 12. Qd2 Kh8 13. Rae1 Rae8 14. Nd5 Nxd5 15.
cxd5 Bh3 16. Bxd4 Bxg2 17. Kxg2 exd4 18. Nf4 h6 19. h4 Kh7 20. Nh3 b5 21. Rc1
a5 22. Rc2 Ra8 23. Rfc1 b4 24. h5 g5 25. f4 gxf4 26. gxf4 Qg4+ 27. Kh2 Qxh5 28.
Rg1 Bf6 29. Qe1 1/2-1/2

[Event "Seefeld-Open"]
[Site "Seefeld"]
[Date "2009.10.01"]
[Round "8.2"]
[White "Lang, Ferdinand"]
[Black "Schunk, Thomas"]
[Result "0-1"]
[WhiteElo "2156"]
[BlackElo "2279"]
[PlyCount "64"]
[EventDate "2009.??.??"]
[WhiteTeam "SC Blau.Turm Bad Wimpfen"]
[BlackTeam "Leipzig-Gohlis"]

1. e4 e5 2. Nf3 d6 3. Bc4 Be7 4. Nc3 Nf6 5. d3 c6 6. h3 O-O 7. O-O b5 8. Bb3
Nbd7 9. Be3 a6 10. Qd2 Bb7 11. a4 b4 12. Ne2 d5 13. exd5 cxd5 14. Ng3 d4 15.
Bg5 Bxf3 16. gxf3 Nc5 17. Bc4 Ne6 18. f4 exf4 19. Bxf4 Bd6 20. Bxd6 Qxd6 21. f4
Rac8 22. Rf3 Kh8 23. Raf1 a5 24. Qg2 Rc5 25. f5 Nc7 26. Rf4 Ncd5 27. Rxd4 Qe5
28. Rxd5 Nxd5 29. Ne4 Rxc4 30. dxc4 Ne3 31. Qf3 Nxf1 32. Kxf1 Re8 0-1

[Event "Seefeld-Open"]
[Site "Seefeld"]
[Date "2009.10.01"]
[Round "8.3"]
[White "Eperjesi, Laslo Dr"]
[Black "Willin, Bernhard"]
[Result "1-0"]
[WhiteElo "2250"]
[BlackElo "1988"]
[PlyCount "47"]
[EventDate "2009.??.??"]
[WhiteTeam "Budapest"]
[BlackTeam "Grenzach"]

1. d4 Nf6 2. c4 g6 3. Nc3 Bg7 4. e4 d6 5. f3 O-O 6. Be3 Nc6 7. Nge2 e5 8. d5
Ne7 9. Qd2 Ne8 10. g4 c6 11. O-O-O cxd5 12. cxd5 b5 13. Nxb5 Bd7 14. Nec3 Qa5
15. Kb1 Nc8 16. h4 f6 17. Ka1 Nb6 18. Be2 a6 19. Na3 Nc7 20. Rc1 Nb5 21. Ncxb5
Qxd2 22. Bxd2 axb5 23. Nxb5 Rfb8 24. Rc7 1-0

[Event "Seefeld-Open"]
[Site "Seefeld"]
[Date "2009.10.01"]
[Round "8.4"]
[White "Stark, Ingo"]
[Black "Allgaier, Erik"]
[Result "1/2-1/2"]
[WhiteElo "2153"]
[BlackElo "2073"]
[PlyCount "59"]
[EventDate "2009.??.??"]
[WhiteTeam "TSG Oberschöneweide"]
[BlackTeam "BVG Helmholtz"]

1. e4 d6 2. d4 g6 3. Nc3 Nf6 4. Be2 Bg7 5. Nf3 Nc6 6. O-O O-O 7. d5 Nb8 8. h3
e5 9. Be3 h6 10. Qd2 Kh7 11. Rfd1 Nbd7 12. Ne1 Nxe4 13. Nxe4 f5 14. Bd3 fxe4
15. Bxe4 Nf6 16. f3 Bd7 17. Qd3 Be8 18. c4 b6 19. Nc2 a5 20. Ne1 Nh5 21. Qe2
Ng3 22. Qc2 Bf6 23. Bf2 Nh5 24. Nd3 Bh4 25. b3 Bxf2+ 26. Qxf2 Bd7 27. a3 Qg5
28. Qd2 Qg3 29. Qf2 Qg5 30. Qd2 1/2-1/2

[Event "Seefeld-Open"]
[Site "Seefeld"]
[Date "2009.10.01"]
[Round "8.13"]
[White "Bischoff, Dieter"]
[Black "Farago, Ivan"]
[Result "1/2-1/2"]
[WhiteElo "2142"]
[BlackElo "2476"]
[PlyCount "46"]
[EventDate "2009.??.??"]
[WhiteTeam "SK 1947 Sandhausen e.V."]
[BlackTeam "Budapest"]

1. d4 Nf6 2. c4 e6 3. g3 c5 4. Nf3 cxd4 5. Nxd4 d5 6. Bg2 e5 7. Nf3 d4 8. O-O
Nc6 9. e3 Be7 10. exd4 exd4 11. Na3 O-O 12. Nc2 Bc5 13. Nce1 Bf5 14. Nd3 Qb6
15. Nfe5 Nxe5 16. Nxe5 d3 17. g4 d2 18. gxf5 dxc1=Q 19. Rxc1 Rad8 20. Qf3 Qd6
21. Ng4 b6 22. Rcd1 Bd4 23. b3 a5 1/2-1/2

[Event "Seefeld-Open"]
[Site "Seefeld"]
[Date "2009.10.01"]
[Round "8.16"]
[White "Ruisinger, Werner"]
[Black "Kreie, Günter"]
[Result "1/2-1/2"]
[WhiteElo "2175"]
[BlackElo "1940"]
[PlyCount "47"]
[EventDate "2009.??.??"]
[WhiteTeam "SK 1908 Göggingen"]
[BlackTeam "Turn- u. Sportverein Eichholz-Re"]

1. e4 e5 2. f4 exf4 3. Nf3 d5 4. exd5 Nf6 5. c4 c6 6. d4 cxd5 7. Bxf4 Bb4+ 8.
Nc3 O-O 9. Be2 dxc4 10. O-O Be6 11. Bg5 Be7 12. Qd2 Nd5 13. Bxe7 Qxe7 14. Rae1
Qc7 15. Ne5 f6 16. Bxc4 Nf4 17. Bxe6+ Nxe6 18. Nf3 Qd7 19. d5 Nd8 20. Nd4 Na6
21. Nf5 Nc6 22. Nd4 Nxd4 23. Qxd4 Qd6 24. Kh1 1/2-1/2

[Event "Seefeld-Open"]
[Site "Seefeld"]
[Date "2009.10.01"]
[Round "8.22"]
[White "Bangert, Rüdiger"]
[Black "Egger, Herbert"]
[Result "0-1"]
[WhiteElo "1694"]
[BlackElo "1770"]
[PlyCount "78"]
[EventDate "2009.??.??"]
[WhiteTeam "SGem Siemens Erlangen"]
[BlackTeam "Reichenau"]

1. d4 d5 2. c4 c6 3. e3 Nf6 4. Nc3 Bg4 5. Nf3 Nbd7 6. h3 Bh5 7. g4 Bg6 8. g5
Ne4 9. Nxe4 Bxe4 10. Rg1 e6 11. Nd2 Bb4 12. cxd5 cxd5 13. f3 Bf5 14. h4 h6 15.
Ke2 hxg5 16. hxg5 Rh2+ 17. Rg2 Rxg2+ 18. Bxg2 Qxg5 19. Qh1 O-O-O 20. Nb3 Qe7
21. a3 Bd6 22. Na5 e5 23. Nb3 e4 24. Kd2 Nb6 25. Ke2 Qc7 26. Bd2 Qc4+ 27. Kf2
Qxb3 28. Bc3 Qc2+ 29. Kg1 Bg3 30. Rf1 Qe2 31. Bh3 Qxe3+ 32. Kg2 g6 33. Bxf5+
gxf5 34. Qh7 Qg5 35. Kh1 Qf4 36. Kg2 Nc4 37. Kh1 exf3 38. Qh5 f2 39. b3 Qe4+
0-1

[Event "Seefeld-Open"]
[Site "Seefeld"]
[Date "2009.10.02"]
[Round "9.1"]
[White "Eperjesi, Laslo Dr"]
[Black "Müller, Ralf"]
[Result "1/2-1/2"]
[WhiteElo "2250"]
[BlackElo "2410"]
[PlyCount "28"]
[EventDate "2009.??.??"]
[WhiteTeam "Budapest"]
[BlackTeam "SV HP Böblingen"]

1. d4 Nf6 2. c4 g6 3. Nc3 d5 4. Nf3 Bg7 5. e3 O-O 6. Bd2 c5 7. dxc5 Na6 8. cxd5
Nxc5 9. Bc4 Bf5 10. O-O Nfe4 11. Nd4 Nxd2 12. Qxd2 Ne4 13. Nxe4 Bxe4 14. Qb4
Bxd4 1/2-1/2

[Event "Seefeld-Open"]
[Site "Seefeld"]
[Date "2009.10.02"]
[Round "9.2"]
[White "Farago, Ivan"]
[Black "Schunk, Thomas"]
[Result "1-0"]
[WhiteElo "2476"]
[BlackElo "2279"]
[PlyCount "105"]
[EventDate "2009.??.??"]
[WhiteTeam "Budapest"]
[BlackTeam "Leipzig-Gohlis"]

1. d4 Nf6 2. c4 e6 3. Nf3 b6 4. a3 Bb7 5. Nc3 Ne4 6. Nxe4 Bxe4 7. Nd2 Bg6 8. g3
d5 9. Bg2 Be7 10. cxd5 exd5 11. e4 dxe4 12. Nxe4 c6 13. d5 O-O 14. Nc3 Bf6 15.
O-O Na6 16. dxc6 Bxc3 17. bxc3 Nc5 18. Be3 Ne6 19. Qxd8 Raxd8 20. Rfd1 Bc2 21.
Rxd8 Rxd8 22. a4 f5 23. h3 Be4 24. Bxe4 fxe4 25. a5 Rc8 26. axb6 axb6 27. Ra6
Rxc6 28. Rxb6 Rxb6 29. Bxb6 Ng5 30. Be3 Nf3+ 31. Kf1 Ne5 32. Bd4 Nc4 33. Kg2
Kf7 34. g4 g5 35. f3 exf3+ 36. Kxf3 Ke6 37. Ke4 Nd6+ 38. Kd3 Kd5 39. Be3 Nf7
40. Bd4 Nd6 41. Bf6 Nf7 42. c4+ Ke6 43. Bd4 Nd8 44. Ke4 Kf7 45. Be3 Kf6 46. Kd5
Ne6 47. Kd6 Nd8 48. Bd4+ Kf7 49. c5 Ne6 50. Be3 h5 51. c6 Kf6 52. Bc1 hxg4 53.
hxg4 1-0

[Event "Seefeld-Open"]
[Site "Seefeld"]
[Date "2009.10.02"]
[Round "9.4"]
[White "Braun, Joachim"]
[Black "Braun, Rüdiger"]
[Result "1-0"]
[WhiteElo "2138"]
[BlackElo "1980"]
[PlyCount "71"]
[EventDate "2009.??.??"]
[WhiteTeam "SF Birkenfeld e.V."]
[BlackTeam "SF Birkenfeld e.V."]

1. d4 Nf6 2. Nf3 e6 3. g3 b6 4. Bg2 Bb7 5. O-O Be7 6. c4 O-O 7. Nc3 Ne4 8. Bd2
Qc8 9. d5 Nxd2 10. Qxd2 Bf6 11. e4 d6 12. Bh3 Re8 13. Nd4 Bxd4 14. Qxd4 Nd7 15.
f4 Qd8 16. Rae1 e5 17. Qf2 exf4 18. gxf4 Bc8 19. Qg3 Nc5 20. Bxc8 Rxc8 21. b4
Nd7 22. e5 Nf8 23. Nb5 Qd7 24. Nd4 dxe5 25. fxe5 c5 26. Nf5 Ng6 27. Nd6 cxb4
28. Rxf7 Qa4 29. Nxc8 Rxc8 30. Rf2 Rxc4 31. e6 Rc8 32. d6 b3 33. d7 Rd8 34. Qg5
Ne7 35. Qxe7 Qg4+ 36. Kh1 1-0

[Event "Seefeld-Open"]
[Site "Seefeld"]
[Date "2009.10.02"]
[Round "9.5"]
[White "Allgaier, Erik"]
[Black "Mikulic, Oliver"]
[Result "1/2-1/2"]
[WhiteElo "2073"]
[BlackElo "2086"]
[PlyCount "49"]
[EventDate "2009.??.??"]
[WhiteTeam "BVG Helmholtz"]
[BlackTeam "Rochade Rum"]

1. Nf3 d5 2. e3 Bg4 3. h3 Bh5 4. d4 e5 5. g4 e4 6. gxh5 exf3 7. Qxf3 Nf6 8. c4
Nc6 9. Bd2 Nb4 10. Na3 Ne4 11. cxd5 Nxd2 12. Kxd2 Nxd5 13. Nc4 Bb4+ 14. Kc2 O-O
15. a3 Be7 16. Bd3 c5 17. dxc5 b5 18. Nd6 Nf6 19. Rad1 Qc7 20. Kb1 Qxc5 21. Nf5
Qe5 22. Ng3 g6 23. Rhg1 Kh8 24. Ne2 Nxh5 25. Nd4 1/2-1/2

[Event "Seefeld-Open"]
[Site "Seefeld"]
[Date "2009.10.02"]
[Round "9.18"]
[White "Egger, Herbert"]
[Black "Koch, Dieter"]
[Result "0-1"]
[WhiteElo "1770"]
[BlackElo "1891"]
[PlyCount "112"]
[EventDate "2009.??.??"]
[WhiteTeam "Reichenau"]
[BlackTeam "SC Ammersee"]

1. e4 e5 2. Nf3 Qe7 3. Nc3 c6 4. d3 h6 5. Be2 d6 6. O-O Bg4 7. h3 Be6 8. d4 Bc8
9. b3 Nd7 10. Ba3 Qf6 11. d5 c5 12. Nb5 Qd8 13. c4 a6 14. Nc3 g5 15. Nh2 Ngf6
16. Ng4 h5 17. Nxf6+ Nxf6 18. Bc1 g4 19. h4 Be7 20. Bg5 Nh7 21. Bxe7 Qxe7 22.
g3 f5 23. Bd3 f4 24. Kh2 Nf8 25. Rh1 Ng6 26. Kg1 Rf8 27. Qd2 Bd7 28. Rf1 Rf6
29. Ne2 Qf7 30. Qe1 Kf8 31. a4 Kg7 32. Kh2 b5 33. a5 Qe7 34. Kg1 Raf8 35. Nc3
bxc4 36. Bxc4 Rb8 37. Kh2 Rff8 38. Kg1 Rb4 39. Na2 Rb7 40. b4 cxb4 41. Nxb4 Bb5
42. Bxb5 Rxb5 43. Nc6 Qb7 44. Qa1 fxg3 45. fxg3 Rxf1+ 46. Qxf1 Rb1 47. Nd8
Rxf1+ 48. Kxf1 Qb1+ 49. Kg2 Qxe4+ 50. Kg1 Qxd5 51. Rh2 Qd1+ 52. Kg2 Qf3+ 53.
Kg1 Qxg3+ 54. Rg2 Qe1+ 55. Kh2 Nf4 56. Rb2 g3# 0-1